[Event "NZL-ch Major op"]
[Site "Tauranga"]
[Date "2020.01.22"]
[Round "9"]
[White "Dai, Oliver"]
[Black "Chen, Matthew2222"]
[Result "1-0"]
[WhiteElo "1881"]
[BlackElo "1569"]
[PlyCount "115"]
[EventDate "2020.01.14"]
[EventType "swiss"]
[EventRounds "9"]
[EventCountry "NZL"]
[SourceTitle "EXT 2021"]
[Source "ChessBase"]
[SourceDate "2020.10.23"]
[SourceVersion "1"]
[SourceVersionDate "2020.10.23"]
[SourceQuality "1"]

1. e4 c5 2. Nf3 e6 3. Bd3 a6 4. 0-0 Nc6 5. c3 Nf6 6. Bc2 d6 7. Re1 Be7 8. d4 cxd4 9. cxd4 e5 10. d5 Na7 11. Nc3 b5 12. h3 a5 13. Be3 Bd7 14. Qe2 b4 15. Bxa7 Rxa7 16. Nd1 0-0 17. b3 Qb6 18. Nb2 Bb5 19. Bd3 Bxd3 20. Qxd3 Rc8 21. Na4 Qc7 22. Nd2 Nd7 23. Nc4 Nc5 24. Nxc5 Qxc5 25. Qe3 Qxe3 26. fxe3 Rc5 27. g3 f5 28. exf5 Rxd5 29. Rad1 Rc5 30. Re2 Rc6 31. Red2 Raa6 32. Kf2 a4 33. h4 axb3 34. axb3 Ra3 35. Nxa3 bxa3 36. Ra2 Ra6 37. Rd5 Bf6 38. e4 Kf7 39. b4 Ra4 40. Rb5 Be7 41. Ke3 d5 42. Rxd5 Bxb4 43. Rxe5 Be1 44. Kf3 Bc3 45. Rc5 Bb2 46. Rb5 Bc1 47. Rb1 Rc4 48. Rxc1 Rxc1 49. Rxa3 Rf1+ 50. Kg4 Re1 51. Kf4 Kf6 52. e5+ Kf7 53. Ra7+ Kf8 54. g4 Rf1+ 55. Ke4 Rg1 56. Kd5 Rxg4 57. Ke6 g6 58. f6 1-0

[Event "NZL-ch Major op"]
[Site "Tauranga"]
[Date "2020.01.14"]
[Round "1"]
[White "Dai, Oliver"]
[Black "McDougall, Wayne"]
[Result "1-0"]
[WhiteElo "1881"]
[BlackElo "1429"]
[PlyCount "47"]
[EventDate "2020.01.14"]
[EventType "swiss"]
[EventRounds "9"]
[EventCountry "NZL"]
[SourceTitle "EXT 2021"]
[Source "ChessBase"]
[SourceDate "2020.10.23"]
[SourceVersion "1"]
[SourceVersionDate "2020.10.23"]
[SourceQuality "1"]

1. e4 e5 2. f4 exf4 3. Nf3 Nc6 4. d4 d5 5. e5 Bg4 6. c3 Bxf3 7. Qxf3 Qh4+ 8. Kd1 0-0-0 9. Bxf4 f5 10. Bd3 g6 11. h3 Bh6 12. g3 Qe7 13. Nd2 Bxf4 14. gxf4 a6 15. Qf2 Qe6 16. Nf3 h6 17. Rg1 Nge7 18. Kc2 Rdg8 19. Rg2 Nd8 20. Rag1 Nf7 21. Nh4 g5 22. fxg5 hxg5 23. Nxf5 Rxh3 24. Nxe7+ 1-0

[Event "Henderson Trusts op 42nd"]
[Site "Henderson"]
[Date "2019.06.03"]
[Round "5"]
[White "Dai, Oliver"]
[Black "Smith, Robert Wayne"]
[Result "0-1"]
[WhiteElo "1699"]
[BlackElo "2204"]
[PlyCount "101"]
[EventDate "2019.06.01"]
[EventType "swiss"]
[EventRounds "6"]
[EventCountry "NZL"]
[SourceTitle "EXT 2020"]
[Source "ChessBase"]
[SourceDate "2019.10.17"]
[SourceVersion "1"]
[SourceVersionDate "2019.10.17"]
[SourceQuality "1"]

1. e4 c5 2. Nf3 e6 3. Bd3 Nf6 4. 0-0 d5 5. e5 Nfd7 6. Re1 Nc6 7. Bb5 a6 8. Bxc6 bxc6 9. d3 Be7 10. Nbd2 g5 11. Nf1 a5 12. N3d2 h5 13. f4 gxf4 14. Nf3 Nf8 15. Bxf4 Ng6 16. Qd2 a4 17. Bg5 Qa5 18. Bxe7 Qxd2 19. N1xd2 Kxe7 20. g3 h4 21. Nxh4 Nxh4 22. gxh4 Rxh4 23. Nf3 Rg4+ 24. Kf2 Bd7 25. Rg1 Rag8 26. Rxg4 Rxg4 27. Rg1 Rxg1 28. Kxg1 f6 29. Kf2 Be8 30. c3 fxe5 31. Nxe5 Kd6 32. Nf3 e5 33. h4 Ke6 34. Nd2 Bg6 35. Ke2 Bh5+ 36. Kf2 Bd1 37. b3 a3 38. Nb1 Bxb3 39. Nxa3 Bxa2 40. Ke3 Kf5 41. Kd2 Bb3 42. c4 Kg4 43. Kc3 Bd1 44. cxd5 cxd5 45. Nb5 Be2 46. Nc7 d4+ 47. Kd2 Bf1 48. Na6 c4 49. dxc4 Bxc4 50. Nb4 Bb5 51. Kd1 0-1

[Event "Henderson Trusts op 42nd"]
[Site "Henderson"]
[Date "2019.06.01"]
[Round "1"]
[White "Dai, Oliver"]
[Black "Duneas, John"]
[Result "0-1"]
[WhiteElo "1699"]
[BlackElo "2112"]
[PlyCount "138"]
[EventDate "2019.06.01"]
[EventType "swiss"]
[EventRounds "6"]
[EventCountry "NZL"]
[SourceTitle "EXT 2020"]
[Source "ChessBase"]
[SourceDate "2019.10.17"]
[SourceVersion "1"]
[SourceVersionDate "2019.10.17"]
[SourceQuality "1"]

1. e4 e6 2. d4 d5 3. Nd2 Nf6 4. e5 Nfd7 5. Bd3 c5 6. c3 Nc6 7. Ngf3 Qb6 8. 0-0 cxd4 9. cxd4 Nxd4 10. Nxd4 Qxd4 11. Nf3 Qb6 12. Qa4 Qb4 13. Qc2 h6 14. Bd2 Qb6 15. Qa4 a6 16. Rac1 Be7 17. Qg4 g5 18. Qh5 Qxb2 19. Rc2 Qa3 20. Rc3 Qa4 21. Bxg5 Bb4 22. Rc7 Ba5 23. Bg6 Rf8 24. Bxh6 Bxc7 25. Bxf8 Qf4 26. Ng5 Nxf8 27. Bxf7+ Ke7 28. g3 Qxe5 29. h4 Bd7 30. Qg4 Bd6 31. h5 Rc8 32. h6 Qf5 33. Qh4 Qf6 34. Qh5 Be5 35. Re1 Bd4 36. Re2 Bb5 37. Rd2 Bc3 38. Rd1 Ba4 39. Rd3 Bc2 40. Rf3 Bd1 41. Rxf6 Bxh5 42. Rf4 Bg6 43. Bxg6 Nxg6 44. Rf7+ Kd6 45. Rxb7 Ne5 46. Rb6+ Rc6 47. Rb8 Ke7 48. h7 Ng6 49. Rb7+ Kf6 50. f4 Nh8 51. Kg2 Kg6 52. Kf3 Bf6 53. Ke3 Bxg5 54. fxg5 e5 55. Rd7 d4+ 56. Ke4 Re6 57. a4 a5 58. Ra7 Re8 59. Rxa5 Nf7 60. Ra6+ Kxg5 61. a5 Kh5 62. Rf6 Ng5+ 63. Kf5 Nxh7 64. g4+ Kh4 65. Rh6+ Kg3 66. Rxh7 e4 67. Rd7 e3 68. Rxd4 e2 69. Rd3+ Kh4 0-1

[Event "NZL-ch Major op"]
[Site "Auckland"]
[Date "2019.01.16"]
[Round "3"]
[White "Dai, Oliver"]
[Black "Chen, Matthew1111"]
[Result "1-0"]
[WhiteElo "1712"]
[BlackElo "1399"]
[PlyCount "47"]
[EventDate "2019.01.14"]
[EventType "swiss"]
[EventRounds "9"]
[EventCountry "NZL"]
[SourceTitle "CBM 189 Extra"]
[Source "ChessBase"]
[SourceDate "2019.06.03"]
[SourceVersion "1"]
[SourceVersionDate "2019.06.03"]
[SourceQuality "1"]

1. e4 c5 2. Nf3 e6 3. b3 d6 4. Bb2 Nf6 5. Nc3 Be7 6. Be2 0-0 7. 0-0 Nc6 8. d4 cxd4 9. Nxd4 a6 10. Kh1 Qc7 11. Nxc6 Qxc6 12. f4 Qc7 13. Bd3 b5 14. Qe2 Nd7 15. e5 d5 16. Rf3 f5 17. Rg3 g6 18. Qh5 Nc5 19. Nxd5 exd5 20. Rxg6+ Kh8 21. e6+ Bf6 22. Rxf6 Rxf6 23. Bxf6+ Kg8 24. Qe8# 1-0

[Event "Auckland ANZAC op"]
[Site "Auckland"]
[Date "2017.04.25"]
[Round "5"]
[White "Dai, Oliver"]
[Black "Lim, Benjamin U"]
[Result "0-1"]
[WhiteElo "1666"]
[BlackElo "1931"]
[PlyCount "56"]
[EventDate "2017.04.22"]
[EventType "swiss"]
[EventRounds "6"]
[EventCountry "NZL"]
[SourceTitle "CBM 178 Extra"]
[Source "ChessBase"]
[SourceDate "2017.06.22"]
[SourceVersion "1"]
[SourceVersionDate "2017.06.22"]
[SourceQuality "1"]

1. e4 c5 2. c3 d5 3. exd5 Qxd5 4. d4 e6 5. Nf3 Nf6 6. Bg5 cxd4 7. Bxf6 gxf6 8. Qxd4 Qxd4 9. Nxd4 a6 10. g3 e5 11. Nb3 Nc6 12. Bg2 Bd7 13. N1d2 f5 14. 0-0 0-0-0 15. Nc4 Be6 16. Nba5 Nxa5 17. Nxa5 e4 18. f3 Bc5+ 19. Kh1 Bb6 20. Nb3 Bc4 21. Rfd1 Rxd1+ 22. Rxd1 Be2 23. Rd2 exf3 24. Bh3 Kb8 25. Nd4 Re8 26. Bxf5 f2 27. Bh3 Bxd4 28. cxd4 Bf3+ 0-1